00426nam a2200133Ia 4500001000400000008004100004020001800045082002600063100006300089245004900152260004700201901002900248999001500277247241024s9999 xx 000 0 und d a84-8261-466-5 aRD/374.97293/R426c/11 aRepública Dominicana.Secretaria de Estado de Educación 0aCuaderno 11 tercer ciclo Educación Adultos bRepública Dominicana : Sanatillanac2002 a26/10/2010 12:02:20 p.m. c8472d8472